Qué esperar de la democracia : límites y posibilidades del autogobierno /
Guardado en:
| Autor Principal: | |
|---|---|
| Otros Autores: | |
| Formato: | Libro |
| Idioma: | Undetermined |
| Publicado: |
Buenos Aires :
Siglo Veintiuno,
2016.
|
| Edición: | 1a. ed., 1a. reimp. |
| Series: | Derecho y política
|
| Materias: | |
| Etiquetas: |
Agregar Etiqueta
Sin Etiquetas, Sea el primero en etiquetar este registro!
|
| LEADER | 00631nam a22001815a 4500 | ||
|---|---|---|---|
| 001 | DER.der015340 | ||
| 008 | 251023s2016####ag############000#0#und#d | ||
| 005 | 20251023112143.0 | ||
| 245 | 1 | 0 | |a Qué esperar de la democracia : |b límites y posibilidades del autogobierno / |c Adam Przeworski ; traducido por Stella Mastrangelo. |
| 250 | |a 1a. ed., 1a. reimp. | ||
| 260 | |a Buenos Aires : |b Siglo Veintiuno, |c 2016. | ||
| 300 | |a 284 p. | ||
| 490 | 1 | |a Derecho y política | |
| 020 | |a 9789876291408 | ||
| 100 | 1 | |a Przeworski, Adam. | |
| 700 | 1 | |a Mastrangelo, Stella, |e trad. | |
| 650 | 7 | |a CIENCIA POLITICA | |
| 859 | |a DERECHO |b BIB. DERECHO |h 321.1 |i PRZ |p 0010664 | ||
